000 01284nam0a22002771 4500
001 rc\863637
005 20250622022657.0
035 _a(NLR Aleph) 006043125
090 _a4725482
_c4725482
100 _a20041129d1984 |||y0rusy50 ca
101 0 _arus
102 _aRU
105 _ay |||||||||
200 1 _aОпыт работы и задачи перерабатывающей промышленности в условиях АПК
_f[Самойлов Р.В., Викулина Г.П., Гаврилова А.В.]
210 _aМ.
_cЦНИИТЭИпищепром
_d1984
215 _a17 с.
_d20
225 1 _aПищевая промышленность
_hСерия 18
_iКонсервная, овощесушильная и пищеконцентратная промышленность
_eОбзор. информ.
_fЦНИИ информ. и техн.-экон. исслед. пищ. пром-сти
_vВып. 8
300 _aВ надзаг. также: М-во пищ. пром-сти СССР
700 1 _aСамойлов
_bР.В.
_gРостислав Васильевич
701 1 _aВикулина
_bГ.П.
701 1 _aГаврилова
_bА.В.
801 0 _aRU
_bNLR
_gpsbo
801 1 _aRU
_bELAR
_2rusmarc
852 _aNLR
_jП10/5610
942 _cBOOK
980 _aNB